Policing in South Africa Past and Present / (Record no. 552)

MARC details
000 -LEADER
fixed length control field 00554nam a22001697a 4500
005 - DATE AND TIME OF INPUT
control field 20231113093907.0
008 - DATA ELEMENTS--GENERAL INFORMATION
fixed length control field 231113b |||||||| |||| 00| 0 eng d
020 ## - INTERNATIONAL STANDARD BOOK NUMBER
International Standard Book Number 9780639002569 ; 9780639002576
041 ## - LANGUAGE CODE
Language code of text English
082 ## - SHELF NUMBER
DDC number 345.5 ROE
100 ## - MAIN AUTHOR
Main author's name Roelofse, C and Gumbi, C
Language of a work English
245 ## - TITLE STATEMENT
Title Policing in South Africa Past and Present /
Statement of responsibility, etc. C Roelofse and C Gumbi
260 ## - PUBLICATION, DISTRIBUTION, ETC.
Place of publication, distribution, etc. Durban :
Name of publisher, distributor, etc. LexisNexis (Pty) Ltd,
Date of publication, distribution, etc. 2018
300 ## - PHYSICAL DESCRIPTION
Other physical details xv, 481 pages ;
Dimensions 25 cm.
650 ## - SUBJECT`
Broad subject Legal practice
Own subject terms Law
942 ## - ADDED ENTRY ELEMENTS (KOHA)
Item type Books
942 ## - ADDED ENTRY ELEMENTS (KOHA)
-- ALISON_BN_VRIES
Holdings
Source of classification or shelving scheme Not for loan Collection code Home library Current library Shelving location Date acquired Full call number Barcode Price effective from Koha item type
Dewey Decimal Classification   TEXT BOOKS LAW SOCIETY OF NAMIBIA LIBRARY - WINDHOEK LAW SOCIETY OF NAMIBIA LIBRARY - WINDHOEK Criminal law and procedures 11/13/2023 345.5 ROE LSN/2019/11 11/13/2023 Books